Quizzes
Events
Quiz Creation
Community
Videos
Private Events
Remove Ads
Sign In
Join for FREE
Feedback
Dark Mode
Quiz Categories
Sports
Geography
Music
Movies
Television
Just For Fun
Miscellaneous
History
Literature
Language
Science
Gaming
Entertainment
Religion
Holiday
For Kids
Quiz Lab
Recent
Popular Today
Quiz Kudos Today
Editor Picks
Curator Picks
Quizzes by...
Day
Popularity
Type
Ratings
Length
Year
Community
Subscriptions
Recent Discussions
Orange Saloon
Badges
Playlists
Quests
Create
Leaderboards
Showdown
Live 5
Trivia Bingo
Activity
Puzzle Library
Sporcle Events
Private Events
Virtual Trivia
Globe League
Become a Host
Pub Owners
SporcleCon
Opinionation
Our Games
Videos
Blog
Mobile Apps
Partnerships
Remove Ads and Go Orange
Feedback
Sports
Athletes
MLB
NBA
NHL
NFL
Soccer
Sports Teams
WWE
NCAA
Football
Premier League
Basketball
Baseball
Hockey
Golf
Tennis
Cricket
Rugby
Auto Racing
Olympics
World Cup
Sports
Athletes
MLB
NBA
NHL
NFL
Soccer
Sports Teams
WWE
NCAA
Football
Premier League
Basketball
Baseball
Hockey
Golf
Tennis
Cricket
Rugby
Auto Racing
Olympics
World Cup
Random Quiz
Search Sporcle
×
Quiz Lab
Quiz Lab
Sports
1980s
Type in answers that appear in a list
Type in answers that appear in a list
Classic
Best Score? Go Orange.
Chicago Bears Starting Quarterbacks Since 1980 Stats
Can you name the Chicago Bears Starting Quarterbacks Since 1980?
By
aheig82
6m
34 Questions
1,009 Plays
1,009 Plays
1,009 Plays
Comments
Comments
Give Quiz Kudos
Give Quiz Kudos
-
- Ratings
hide this ad
More Info
Replay
Link that replays current quiz
Next Quiz
Link to next quiz in quiz playlist
You Got
0%
They Got
Avg Score
47%
Avg Friend Score
Upgrade to see
Score Distribution
Jump to the score distribution portion of the page
Score
0/34
Timer
06:00
0
Plays Today
Years
Quarterback
% Correct
2009-
2011
Jay Cutler
95.9%
1982-
1988
Jim McMahon
94.9%
2003-
2008
Rex Grossman
91.6%
2005-
2008
Kyle Orton
86.4%
1987-
1993
Jim Harbaugh
83.9%
1999-
2002
Jim Miller
78.2%
1994-
1998
Erik Kramer
74.2%
2003
Kordell Stewart
71.3%
1999-
2000
Cade McNown
70.9%
1985-
1990
Mike Tomczak
61.1%
1986-
1987
Doug Flutie
55.5%
1996-
2001
Shane Matthews
50.5%
2006-
2007
Brian Griese
50%
1984-
1986
Steve Fuller
49.2%
2004
Craig Krenzel
47.8%
2004
Chad Hutchinson
46.5%
2002-
2003
Chris Chandler
45.6%
Years
Quarterback
% Correct
2002
Henry Burris
42.9%
1980-
1983
Vince Evans
39.8%
1997
Rick Mirer
38.4%
2010
Todd Collins
37.9%
1998
Moses Moreno
36.4%
1994-
1995
Steve Walsh
36.3%
1996
Dave Krieg
35.8%
2004
Jonathan Quinn
34.1%
1990-
1993
Peter Tom Willis
33%
1980-
1984
Bob Avellini
29.3%
1996-
1998
Steve Stenstrom
26.7%
1980-
1981
Mike Phipps
19.3%
1992
Will Furrer
17.3%
1984
Greg Landry
16%
1984
Rusty Lisch
13.9%
1987
Mike Hohensee
12.6%
1987
Steve Bradley
8.7%
Quiz Playlist
Details
Report
Send in Message
Add To Playlist
More Info:
Quarterbacks who started a game for the Chicago Bears since 1980.
Classic:
Type in answers that appear in a list
Quiz Source
Last Updated: Feb 16, 2017
Quiz Scoreboard
CHALLENGE
Sign Up to Join the Scoreboard
Show All
Scores
Hide
Comments
May contain spoilers
Recently Published
An Introduction to Baseball
by treessimontrees
Sports
5m
Movies - When Are They Set?
by FPL_Elf
Movies
5m
Popular People in 1961
by mucciniale
History
6m
More to Explore
Quiz From the Vault
Featured Blog Post
Where Did the Easter Bunny Come From?
hide this ad
You Might Also Like...
Tags
1980
1980s
bear
chicago
Chicago Bears
Quarterbacks
start
Starting
Today's Top Quizzes in Sports
Browse Sports
hide this ad
Today's Top Quizzes in 1980s
Browse 1980s
Top Contributed Quizzes in Sports
1
Les meilleurs buteurs des matchs entre le PSG et l’OM
2
2022 World Cup Stars
3
FIFA Club World Cup Champions
4
Les entraîneurs de l'OM et du PSG au 21e siècle
5
Name the Premier League winners with different clubs
6
La finale Lions - Afrique du Sud 2021
7
Les joueurs passés par le LOSC et le RC Lens
8
Criteria MLB: Left Handed Sluggers
9
Players with Multiple 50 Home Run Seasons
10
5-to-1: UK Sports Teams
Explore More
Trending Topics
Kpop
Marvel
Disney
Crossword
NBA
Anime
Harry Potter
NFL
The Office
Song
Country
Pokémon
Puzzle
WWE
Soccer
hide this ad
More By:
aheig82
Quiz
Plays
Rating
Category
Featured
Created
NBA Last Five 25.0+ PPG Players by Team
144,341
4.51
Sports
Nov 17, 2011
NHL 40+ Goal Scorers per Franchise
46,925
4.56
Sports
Nov 16, 2011
MLB Last Five 40+ HR Hitters by Franchise
12,474
4.56
Sports
Nov 14, 2011
Top 5 Medal Winning Teams in Each Summer Olympics
11,925
4.21
Sports
Jul 14, 2012
Top 10 NBA Scoring Leaders Per Season (1990-2000)
8,236
4.00
Sports
Dec 20, 2012
Go to Creator's Profile
Score Distribution
Quiz Creator Spotlight
aheig82
Follow
Send a Message
Quizzes Created
-
Created Quiz Play Count
-
More By This Creator
Popular Quizzes Today
1
Find the Countries of Europe - No Outlines Minefield
2
Find the US States - No Outlines Minefield
3
The Countries of the World
4
Popular People in 1961
5
US States
6
Find the US States
7
1-10 Letter E Words III
8
Risky Map Clicking: Biggest States A-Z
More Sports Quizzes
Get the Picture: World Cup Winners - Brazil II
Quiz Lab
Trending Quizzes
Risky Map Clicking: Least Populous States A-Z
1-10 Letter F Words
1-10 Letter G Words
One Thing in Common: United Kingdom
Risky Map Clicking: Next State Alphabetically
Recently Updated
Leaping Animals
pecheneg
Reality TV Shows (A-Z)
bhenderson79
Rickey Henderson's Hall of Fame Teammates
pecheneg
Champions League XIs: Arsenal
pecheneg
Quick Pick: Celebrities in WWE's Hall of Fame
aduchscher
A-Z Keypad Blitz II
pecheneg
Multiple Oscar Actors
pecheneg
Mystery Phrase Blitz: Oscar 'Best Actors'
pecheneg
F. Scott Fitzgerald Novels
LTH
Pick 3 Villains
ddd62291
Trending Topics
Crossword
Disney
NBA
Marvel
Kpop
Harry Potter
Anime
The Office
Puzzle
Pokémon
NFL
WWE
Country
Soccer
Song
Your Account Isn't Verified!
In order to create a playlist on Sporcle, you need to verify the email address you used during registration. Go to your
Sporcle Settings
to finish the process.
Report this User
Report this user for behavior that violates our
Community Guidelines
.
Details:
Send Report
Go to the Sporcle.com Mobile Site →
Comments